Sports Quiz

Random Sports or WWE Quiz

WWE and TNA Quiz Stats

 Plays Quiz not verified by Sporcle

Challenge
Share
Tweet
Embed
Score 0/72 Timer 09:00
0 Plays Today
Hint Wrestler % Correct
AJ Styles
86.2%
Jeff Hardy
79.6%
Matt Hardy
78.9%
Kurt Angle
71.7%
Bobby Roode
69.7%
Eric Young
62.5%
Kevin Nash
61.8%
Christian
61.8%
Low Ki
61.1%
Samoa Joe
59.9%
Hulk Hogan
58.6%
Road Dogg
58.3%
Ric Flair
57.9%
Sting
57.9%
Bubba Ray Dudley
57.9%
D-Von Dudley
57.2%
Rob Van Dam
55.9%
Mick Foley
55.3%
Jeff Jarrett
54.6%
Rhyno
54.1%
Bobby Lashley
52%
Booker T
52%
Scott Hall
52%
CM Punk
51.4%
Goldust
50%
Austin Aries
49.1%
Bad Ass Billy Gunn
47.2%
Gail Kim
45.7%
Drew McIntyre
45.4%
Xavier Woods
44.4%
EC3
44.4%
R-Truth
43.6%
Tazz
43.2%
Alberto Del Rio
41.4%
Mr. Kennedy
38.8%
Scott Steiner
37.5%
Hint Wrestler % Correct
Cody Rhodes
37.5%
Rick Steiner
34.2%
Raven
34.2%
X-Pac
33.7%
Randy Savage
32.9%
Lex Luger
32.4%
Dusty Rhodes
32.2%
Tommy Dreamer
31.6%
Damien Sandow
30.9%
Vader
29.7%
Chavo Guerrero
28.9%
Ken Shamrock
28.7%
Hector Guerrero
27.6%
Diamond Dallas Page
27%
MVP
25.4%
Mr. Perfect
24.3%
Rikishi
21.8%
Eric Bischoff
21.8%
Hardcore Holly
21.2%
Test
19.1%
Chris Masters
17.1%
Chyna
17.1%
Ezekiel Jackson
16.7%
TJ Perkins
16.7%
Roddy Piper
15.8%
Hornswoggle
15.2%
Jake Roberts
15.2%
Brodus Clay
13.2%
The Hurricane
10.5%
Brian Kendrick
10.3%
Jim Neidhart
10%
Curt Hawkins
8.3%
Bob Backlund
7.9%
Al Snow
7.9%
Mike Awesome
3.4%
Justin Gabriel
3.3%

You're not logged in!

Compare scores with friends on all Sporcle quizzes.
OR
Log In

You Might Also Like...

Show Comments

Extras

Created Sep 14, 2016ReportNominate
Tags:WWE Quiz, tna, TNA Wrestlers

Top Quizzes Today


Score Distribution

Your Account Isn't Verified!

In order to create a playlist on Sporcle, you need to verify the email address you used during registration. Go to your Sporcle Settings to finish the process.

Report this User

Report this user for behavior that violates our Community Guidelines.

Details: